Field study 5: learning assessment strategies (Record no. 2558)

MARC details
000 -LEADER
fixed length control field 00532nam a22001697a 4500
003 - CONTROL NUMBER IDENTIFIER
control field URS
005 - DATE AND TIME OF LATEST TRANSACTION
control field 20220117150750.0
008 - FIXED-LENGTH DATA ELEMENTS--GENERAL INFORMATION
fixed length control field 190212s2010 ph a|||| |||| 00| 0 eng d
020 ## - INTERNATIONAL STANDARD BOOK NUMBER
International Standard Book Number 9716857146
040 ## - CATALOGING SOURCE
Language of cataloging eng
Transcribing agency URS
Modifying agency rda
050 14 - LIBRARY OF CONGRESS CALL NUMBER
Classification number LB 1628
Item number .L9331 2010
100 ## - MAIN ENTRY--PERSONAL NAME
Personal name Lucido, Paz I.
245 20 - TITLE STATEMENT
Title Field study 5: learning assessment strategies
Remainder of title learning assessment strategies
Statement of responsibility, etc. Paz I. Lucido, Brenda B. Corpuz
260 ## - PUBLICATION, DISTRIBUTION, ETC.
Place of publication, distribution, etc. Manila :
Name of publisher, distributor, etc. Lorimar Publishing,
Date of publication, distribution, etc. [2010]
300 ## - PHYSICAL DESCRIPTION
Extent 46 pages
Other physical details with illustrations
Dimensions 27 cm
942 ## - ADDED ENTRY ELEMENTS (KOHA)
Source of classification or shelving scheme Library of Congress Classification
Koha item type Filipiniana
Holdings
Withdrawn status Source of classification or shelving scheme Damaged status Not for loan Collection code Home library Current library Shelving location Date acquired Total Checkouts Full call number Barcode Date last seen Price effective from Koha item type Source of acquisition Cost, normal purchase price Coded location qualifier Copy number
  Library of Congress Classification     Non-fiction Cainta College Library Cainta College Library On Display 11/04/2016   LB 1628.L9331 2010 URSCAI-4323 11/04/2016 11/04/2016 Filipiniana        
  Library of Congress Classification     Non-fiction Pililla College Library Pililla College Library General Stacks 05/11/2016   371.26 L96f 2010 URSPIL-3854 05/31/2019 05/11/2016 Filipiniana     purchased 1
        Non-fiction Tanay College Library Tanay College Library New Materials Shelf 11/24/2015   LB 2157.P5 L9635 2010 URSTAN-N1750 11/24/2015 03/10/2016 Filipiniana Purchase 125.00    
        Non-fiction Tanay College Library Tanay College Library New Materials Shelf 11/24/2015   LB 2157.P5 L9635 2010 URSTAN-N1751 12/06/2018 03/10/2016 Filipiniana Purchase 125.00    
        Non-fiction Tanay College Library Tanay College Library New Materials Shelf 11/24/2015   LB 2157.P5 L9635 2010 URSTAN-N1913 11/24/2015 03/10/2016 Filipiniana Purchase 125.00    
        Non-fiction Tanay College Library Tanay College Library New Materials Shelf 11/24/2015   LB 2157.P5 L9635 2010 URSTAN-N1914 12/06/2018 03/10/2016 Filipiniana Purchase 125.00    

University of Rizal System
Email us at univlibservices@urs.edu.ph

Visit our Website www.urs.edu.ph/library